000 00643nam a2200229Ia 4500
003 OSt
005 20250725175150.0
008 210423s2004 xx 000 0 und d
040 _cAL
041 _dEnglish
082 _a307.72K
_bCHIP
100 _aSubhasha Chitagupakara
_9123674
245 _aPrayojane
_b: susthira abhivraddhiyedege
260 _aKarnataka
_bVimochana Publication
_c2004
300 _a142p.
_bPB
_c22x14cm.
365 _b65
_cINR
650 _aRural Communities
_9123675
650 _aSociology
_9123676
700 _aManavade V S
_9220286
906 _aabhivraddhiyedege ; Prayojane: ; susthira
942 _2ddc
_cBK
999 _c174073
_d174073